[Event "Online Olym Div4 E"]
[Site "Chess.com INT"]
[Date "2020.08.01"]
[Round "6.4"]
[White "Brown, Raehanna"]
[Black "Varona Thomas, Maria"]
[Result "1-0"]
[WhiteElo "1594"]
[BlackElo "1733"]
[PlyCount "103"]
[EventDate "2020.07.31"]
[EventType "team-tourn (rapid)"]
[EventRounds "9"]
[EventCountry "USA"]
[SourceTitle "CBM 198"]
[Source "ChessBase"]
[SourceDate "2020.10.31"]
[SourceVersion "1"]
[SourceVersionDate "2020.10.31"]
[SourceQuality "1"]
[WhiteTeam "Jamaica"]
[BlackTeam "Guyana"]
[WhiteTeamCountry "JAM"]
[BlackTeamCountry "GUY"]

1. c4 Nf6 2. Nc3 g6 3. e4 d6 4. d4 Bg7 5. Nf3 0-0 6. Be2 e5 7. d5 Nbd7 8. 0-0 Nc5 9. Qc2 a5 10. Ne1 Ne8 11. Be3 b6 12. f3 f5 13. Nd3 Nxd3 14. Bxd3 f4 15. Bf2 g5 16. a3 Nf6 17. b4 axb4 18. axb4 Rxa1 19. Rxa1 h5 20. c5 bxc5 21. bxc5 g4 22. cxd6 cxd6 23. Ra8 Qc7 24. Nb5 Qxc2 25. Bxc2 Bd7 26. Rxf8+ Bxf8 27. Na3 Kf7 28. Nc4 Bb5 29. Bb3 Bxc4 30. Bxc4 Be7 31. Bb5 Nh7 32. Bb6 g3 33. Bd7 Nf8 34. Bc6 h4 35. h3 Nh7 36. Kf1 Ng5 37. Ke2 Bf8 38. Bd8 Be7 39. Bb6 Bf8 40. Kd3 Be7 41. Kc4 Bf8 42. Bd7 Ke7 43. Bg4 Nf7 44. Kb5 Nd8 45. Ka6 Ke8 46. Ka7 Be7 47. Kb8 Nf7 48. Kc8 Nh6 49. Bh5+ Kf8 50. Kd7 Ng8 51. Ke6 Nf6 52. Bg6 1-0

[Event "Online Olym Div4 E"]
[Site "Chess.com INT"]
[Date "2020.08.01"]
[Round "5.3"]
[White "Varona Thomas, Maria"]
[Black "Ferrufino, Michelle"]
[Result "0-1"]
[WhiteElo "1733"]
[BlackElo "1822"]
[PlyCount "98"]
[EventDate "2020.07.31"]
[EventType "team-tourn (rapid)"]
[EventRounds "9"]
[EventCountry "USA"]
[SourceTitle "CBM 198"]
[Source "ChessBase"]
[SourceDate "2020.10.31"]
[SourceVersion "1"]
[SourceVersionDate "2020.10.31"]
[SourceQuality "1"]
[WhiteTeam "Guyana"]
[BlackTeam "Nicaragua"]
[WhiteTeamCountry "GUY"]
[BlackTeamCountry "NCA"]

1. d4 d5 2. Bf4 f5 3. e3 Nf6 4. Bd3 e6 5. Nd2 Be7 6. Ngf3 0-0 7. Ne5 Nbd7 8. Ndf3 Ne4 9. Nxd7 Bxd7 10. Ne5 Be8 11. h4 c5 12. Bxe4 dxe4 13. dxc5 Qa5+ 14. Qd2 Qxc5 15. Nd7 Bxd7 16. Qxd7 Rad8 17. Qxe6+ Kh8 18. Qb3 Qa5+ 19. c3 Qa6 20. g3 Rd7 21. Be5 Rfd8 22. Bd4 Rd5 23. Qc2 Bf8 24. Qe2 Qg6 25. h5 Qh6 26. Kf1 Bc5 27. Kg2 Bxd4 28. cxd4 a6 29. Rac1 Qd6 30. Rc2 b5 31. Rhc1 f4 32. Rc6 f3+ 33. Kg1 fxe2 34. Rxd6 R5xd6 35. Kg2 Kg8 36. Re1 Rc6 37. Rxe2 Rdc8 38. g4 Rc2 39. Re1 Rxb2 40. Rd1 Rcc2 41. Kg3 Rxf2 42. d5 Rfd2 43. Rc1 Rxd5 44. Rc8+ Kf7 45. Rc7+ Kf6 46. Rc6+ Ke5 47. Rxa6 Rdd2 48. Rc6 h6 49. Rc5+ Kd6 0-1

[Event "Olympiad Women-43"]
[Site "Batumi"]
[Date "2018.10.05"]
[Round "11.1"]
[White "Varona Thomas, Maria"]
[Black "Shih, Ching An"]
[Result "1-0"]
[WhiteElo "1739"]
[BlackElo "1546"]
[PlyCount "45"]
[EventDate "2018.09.24"]
[EventType "team-swiss"]
[EventRounds "11"]
[EventCountry "GEO"]
[SourceTitle "EXT 2020"]
[Source "ChessBase"]
[SourceDate "2019.10.17"]
[SourceVersion "1"]
[SourceVersionDate "2019.10.17"]
[SourceQuality "1"]
[WhiteTeam "Guyana (W)"]
[BlackTeam "Chinese Taipei (W)"]
[WhiteTeamCountry "GUY"]
[BlackTeamCountry "TPE"]

1. d4 e6 2. Nf3 Nf6 3. e3 c5 4. Bd3 d5 5. c3 Nc6 6. 0-0 Bd6 7. Nbd2 0-0 8. e4 cxd4 9. cxd4 dxe4 10. Nxe4 Be7 11. Be3 h6 12. Rc1 Nb4 13. Nxf6+ Bxf6 14. Bb1 Nd5 15. Qd3 Re8 16. Qh7+ Kf8 17. Ne5 Bxe5 18. dxe5 Nxe3 19. fxe3 Ke7 20. Qxg7 Rf8 21. Bg6 Qe8 22. Qf6+ Kd7 23. Rfd1# 1-0

[Event "Olympiad Women-43"]
[Site "Batumi"]
[Date "2018.10.01"]
[Round "7.68"]
[White "Beekhy, Aamirah"]
[Black "Varona Thomas, Maria"]
[Result "1/2-1/2"]
[WhiteElo "1397"]
[BlackElo "1739"]
[PlyCount "71"]
[EventDate "2018.09.24"]
[EventType "team-swiss"]
[EventRounds "11"]
[EventCountry "GEO"]
[SourceTitle "EXT 2020"]
[Source "ChessBase"]
[SourceDate "2019.10.17"]
[SourceVersion "1"]
[SourceVersionDate "2019.10.17"]
[SourceQuality "1"]
[WhiteTeam "Mauritius (W)"]
[BlackTeam "Guyana (W)"]
[WhiteTeamCountry "MRI"]
[BlackTeamCountry "GUY"]

1. d4 Nf6 2. Nf3 g6 3. Bf4 Bg7 4. h3 d6 5. e3 Nbd7 6. Be2 0-0 7. 0-0 Nh5 8. Bh2 Nhf6 9. c4 c5 10. Nc3 cxd4 11. exd4 a6 12. Rc1 b6 13. a4 Bb7 14. b4 Rc8 15. Qb3 Ne4 16. Nxe4 Bxe4 17. Rfd1 a5 18. Qe3 Bb7 19. bxa5 bxa5 20. c5 d5 21. Bb5 Bc6 22. Bxc6 Rxc6 23. Bf4 f6 24. Bh6 Bxh6 25. Qxh6 Qc7 26. Re1 Re8 27. h4 e5 28. h5 e4 29. hxg6 hxg6 30. Qxg6+ Kf8 31. Rc2 Re7 32. Qh6+ Kg8 33. Nh4 Rh7 34. Qg6+ Rg7 35. Qe8+ Kh7 36. Nf5 1/2-1/2

[Event "Olympiad Women-43"]
[Site "Batumi"]
[Date "2018.09.27"]
[Round "4.47"]
[White "Aseel, Odeh"]
[Black "Varona Thomas, Maria"]
[Result "1-0"]
[WhiteElo "1647"]
[BlackElo "1739"]
[PlyCount "110"]
[EventDate "2018.09.24"]
[EventType "team-swiss"]
[EventRounds "11"]
[EventCountry "GEO"]
[SourceTitle "EXT 2020"]
[Source "ChessBase"]
[SourceDate "2019.10.17"]
[SourceVersion "1"]
[SourceVersionDate "2019.10.17"]
[SourceQuality "1"]
[WhiteTeam "Jordan (W)"]
[BlackTeam "Guyana (W)"]
[WhiteTeamCountry "JOR"]
[BlackTeamCountry "GUY"]

1. e4 c5 2. g3 d6 3. Bg2 Nf6 4. d3 g6 5. Nf3 Bg7 6. Nc3 Nc6 7. 0-0 0-0 8. h3 Bd7 9. Be3 a6 10. Qd2 Re8 11. Bh6 Bh8 12. Nh4 Qc8 13. Kh2 Ne5 14. Nd5 Nxd5 15. exd5 f5 16. Nf3 Nxf3+ 17. Bxf3 b5 18. Rae1 b4 19. c3 Rb8 20. c4 Bf6 21. Re2 a5 22. Rfe1 a4 23. Bg5 Qa6 24. Bxf6 exf6 25. Re7 Rxe7 26. Rxe7 Be8 27. g4 Bf7 28. gxf5 Rb7 29. Qe3 Qa7 30. Rxb7 Qxb7 31. fxg6 hxg6 32. Bg4 f5 33. Bf3 Qa7 34. Qg5 Kh7 35. Qd8 Qa6 36. Qf6 Kg8 37. Qd8+ Kg7 38. h4 b3 39. a3 Qa7 40. Qxd6 Qa5 41. Qe5+ Kg8 42. Qe3 Qc7+ 43. Kg2 Qd6 44. h5 gxh5 45. Qg5+ Kf8 46. Qxf5 Qh6 47. d6 Qxd6 48. Bxh5 Qc6+ 49. Kg1 Qc7 50. Qxf7+ Qxf7 51. Bxf7 Kxf7 52. Kg2 Kf6 53. Kg3 Ke5 54. Kf3 Kd4 55. Ke2 Ke5 1-0

[Event "Olympiad Women-43"]
[Site "Batumi"]
[Date "2018.09.24"]
[Round "1.56"]
[White "Varona Thomas, Maria"]
[Black "Hernandez Bonilla, Amelia"]
[Result "0-1"]
[WhiteElo "1739"]
[BlackElo "2044"]
[PlyCount "118"]
[EventDate "2018.09.24"]
[EventType "team-swiss"]
[EventRounds "11"]
[EventCountry "GEO"]
[SourceTitle "EXT 2020"]
[Source "ChessBase"]
[SourceDate "2019.10.17"]
[SourceVersion "1"]
[SourceVersionDate "2019.10.17"]
[SourceQuality "1"]
[WhiteTeam "Guyana (W)"]
[BlackTeam "Venezuela (W)"]
[WhiteTeamCountry "GUY"]
[BlackTeamCountry "VEN"]

1. d4 Nf6 2. Nf3 e6 3. e3 b6 4. Bd3 Bb7 5. Nbd2 d5 6. Ne5 Bd6 7. f4 0-0 8. 0-0 Ne4 9. Ndf3 f6 10. Ng4 Nd7 11. c3 Qe7 12. Bd2 Rae8 13. Bc2 h5 14. Nf2 e5 15. Nxe4 dxe4 16. Bb3+ Kh7 17. Nxe5 g6 18. Nxd7 Qxd7 19. Qe2 f5 20. h3 Be7 21. c4 Ba6 22. Bc3 Bf6 23. Rfc1 Rc8 24. a4 c5 25. d5 Bxc3 26. Rxc3 Qxd5 27. Qxh5+ gxh5 28. cxd5 Bd3 29. Bc4 Bxc4 30. Rxc4 Rcd8 31. Rd1 Rf6 32. Rc2 h4 33. Rcd2 Rfd6 34. Kf2 Kg7 35. g4 hxg3+ 36. Kxg3 Kf7 37. Kh2 Rh8 38. Rg2 Rh7 39. Rg5 Kf6 40. Rg2 Kf7 41. Rgd2 Rdh6 42. d6 Rxh3+ 43. Kg2 Rh2+ 44. Kg1 Rxd2 45. Rxd2 Ke6 46. Rg2 Kxd6 47. Rg6+ Ke7 48. Rc6 Rh3 49. Rc7+ Kd6 50. Rxa7 Rxe3 51. Rf7 Rb3 52. Rxf5 Rxb2 53. Rh5 c4 54. Rh3 Kd5 55. a5 bxa5 56. Rh5+ Kd4 57. Rxa5 c3 58. Ra4+ Kd3 59. Ra3 Kd2 0-1

[Event "Olympiad Women-42"]
[Site "Baku"]
[Date "2016.09.12"]
[Round "10.1"]
[White "Blackman, Katrina"]
[Black "Varona Thomas, Maria"]
[Result "0-1"]
[WhiteElo "1642"]
[BlackElo "1775"]
[PlyCount "140"]
[EventDate "2016.09.02"]
[EventType "team-swiss"]
[EventRounds "11"]
[EventCountry "AZE"]
[SourceTitle "CBM 174 Extra"]
[Source "ChessBase"]
[SourceDate "2016.10.10"]
[SourceVersion "1"]
[SourceVersionDate "2016.10.10"]
[SourceQuality "1"]
[WhiteTeam "Barbados (W)"]
[BlackTeam "Guyana (W)"]
[WhiteTeamCountry "BAR"]
[BlackTeamCountry "GUY"]

1. d4 Nf6 2. Nf3 g6 3. Bf4 Bg7 4. e3 d6 5. h3 0-0 6. c3 Nbd7 7. Bh2 b6 8. Be2 Bb7 9. 0-0 Ne4 10. a4 a6 11. Nbd2 Nxd2 12. Nxd2 e5 13. Bf3 Bxf3 14. Qxf3 Kh8 15. Rfd1 Rc8 16. Qe2 a5 17. Rac1 Qe7 18. Nc4 f5 19. b4 axb4 20. cxb4 exd4 21. Qf3 dxe3 22. Nxd6 exf2+ 23. Qxf2 cxd6 24. Rxc8 Rxc8 25. Bxd6 Qe6 26. Bf4 Re8 27. Qd2 Nf6 28. Kh1 Ne4 29. Qc2 Rc8 30. Bc7 Bf6 31. Rc1 Qd7 32. a5 bxa5 33. bxa5 Ng3+ 34. Kh2 Ne4 35. Kh1 Kg8 36. Qb3+ Qf7 37. Qb7 Nd6 38. Qb1 Ne8 39. Bb6 Rxc1+ 40. Qxc1 Qe6 41. Bg1 Bd8 42. Qa1 Qa6 43. Qa2+ Kg7 44. Qb2+ Nf6 45. Bb6 Qb7 46. Qd4 Bxb6 47. axb6 Kf7 48. Qc4+ Nd5 49. g4 Ke7 50. Qc5+ Ke6 51. gxf5+ gxf5 52. Kh2 Qb8+ 53. Kg2 Nxb6 54. Qe3+ Kf6 55. Qh6+ Ke5 56. Qg7+ Ke4 57. Qxh7 Nd5 58. Qg7 Nf4+ 59. Kh1 Qb1+ 60. Kh2 Qc2+ 61. Kh1 Qd1+ 62. Kh2 Qe2+ 63. Kh1 Qf1+ 64. Kh2 Qxh3+ 65. Kg1 Qg4+ 66. Qxg4 fxg4 67. Kf2 Nh5 68. Kg2 Ke3 69. Kg1 Kf3 70. Kf1 Nf4 0-1

[Event "Olympiad Women-42"]
[Site "Baku"]
[Date "2016.09.02"]
[Round "1.54"]
[White "Gong, Qianyun"]
[Black "Varona Thomas, Maria"]
[Result "1-0"]
[WhiteElo "2262"]
[BlackElo "1775"]
[PlyCount "55"]
[EventDate "2016.09.02"]
[EventType "team-swiss"]
[EventRounds "11"]
[EventCountry "AZE"]
[SourceTitle "CBM 174 Extra"]
[Source "ChessBase"]
[SourceDate "2016.10.10"]
[SourceVersion "1"]
[SourceVersionDate "2016.10.10"]
[SourceQuality "1"]
[WhiteTeam "Singapore (W)"]
[BlackTeam "Guyana (W)"]
[WhiteTeamCountry "SIN"]
[BlackTeamCountry "GUY"]

1. e4 c5 2. Nf3 d6 3. d4 cxd4 4. Qxd4 Nc6 5. Bb5 Bd7 6. Bxc6 Bxc6 7. Nc3 Nf6 8. Bg5 e6 9. 0-0-0 Be7 10. Qd3 Qa5 11. Kb1 0-0 12. h4 Rfc8 13. Nd4 a6 14. f3 Rd8 15. g4 Rac8 16. Rhg1 b5 17. Nce2 Qc7 18. Ng3 Bb7 19. Nh5 d5 20. e5 Ne8 21. Bxe7 Qxe7 22. g5 g6 23. Nf6+ Nxf6 24. gxf6 Qc7 25. Qe3 Qc5 26. h5 Re8 27. hxg6 fxg6 28. Qh6 1-0

[Event "Olympiad-41"]
[Site "Tromsoe"]
[Date "2014.08.08"]
[Round "6.4"]
[White "Balogun, Oluwafemi Daniel"]
[Black "Varona Thomas, Maria"]
[Result "1-0"]
[WhiteElo "2187"]
[BlackElo "1777"]
[PlyCount "77"]
[EventDate "2014.08.02"]
[EventType "team-swiss"]
[EventRounds "11"]
[EventCountry "NOR"]
[SourceTitle "CBM 162"]
[Source "ChessBase"]
[SourceDate "2014.09.17"]
[SourceVersion "1"]
[SourceVersionDate "2014.09.17"]
[SourceQuality "1"]
[WhiteTeam "Nigeria"]
[BlackTeam "Guyana"]
[WhiteTeamCountry "NGR"]
[BlackTeamCountry "GUY"]

1. d4 d6 2. c4 Nf6 3. Nc3 Nbd7 4. Bg5 g6 5. e4 e5 6. d5 h6 7. Be3 Nc5 8. f3 a5 9. Nge2 Bg7 10. Qd2 b6 11. b3 Bd7 12. Rb1 Nh5 13. g4 Nf6 14. Ng3 h5 15. g5 Ng8 16. h4 Ne7 17. Be2 Qc8 18. Nd1 0-0 19. Nf2 Qa6 20. 0-0 Rfb8 21. Rbd1 Qc8 22. Kg2 Qb7 23. Nd3 Ra7 24. Rf2 Rf8 25. f4 Nxd3 26. Qxd3 Raa8 27. f5 Bh8 28. f6 Nc8 29. Nxh5 gxh5 30. Bxh5 Kh7 31. Qe2 Be8 32. Bg4 Rg8 33. Bf5+ Rg6 34. h5 c5 35. hxg6+ fxg6 36. Qh5+ Kg8 37. Be6+ Bf7 38. Qxg6+ Kf8 39. Qh6+ 1-0